000 00332nam a2200145Ia 4500
008 230312s9999||||xx |||||||||||||| ||und||
082 _a657.45
_bGHA
100 _aM A Ghani
245 0 _aAdvanced Accounting
260 _bPak Imperial Books
_aLahore
_c1995
300 _a878
546 _aEng.
650 _aAccounting
942 _cBK
999 _c4960
_d4960